Responses for Show #7900 - Friday, January 4, 2019

Contestants

[<< previous game]

Chelsea Hill, an administrative assistant from Brooklyn, New York

Robert Perez, a proposal manager from Fairfield, Iowa

Jonathan Dinerstein, a composer from Los Angeles, California (whose 3-day cash winnings total $62,902)

[next game >>]

Jeopardy! Round responses

2019 HOLIDAYS & OBSERVANCES
SUMMING UP THE SHAKESPEARE PLAY
ALLITERATION
19th CENTURY OCCUPATIONS
GEOGRAPHICALLY SPEAKING
GOTTA RUN!
    $200 17
Hanukkah

Robert
    $200 1
A Midsummer Night's Dream

Robert
    $200 7
a double date

Jonathan
    $200 2
midwives

Chelsea
    $200 5
a plateau

Robert
    $400 18
grandparents

Jonathan
    $400 13
Richard III

Jonathan
    $400 8
a relay race

Jonathan
    $400 3
a cooper

Jonathan
    $400 22
a volcano

Robert
    $400 6
(Jonathan: What is 100 meters?)

200 meters

Jonathan
Triple Stumper
    $600 24
Hawaii

Jonathan
    $600 14
King Lear

Jonathan
    $600 9
a cable car

Jonathan
    $600 4
a tanner

Chelsea
    $600 23
UNLV

Robert
    $800 25
(Alex: Less than a minute now.)

work

Triple Stumper
    $800 15
Othello

Jonathan
    $800 12
a halfway house

Robert
    $800 20
a milliner

Robert
    $3,000 26
an acropolis

Jonathan
    $800 10
Babe Ruth

Jonathan
    $1000 16
Titus Andronicus

Robert
    $1000 19
peace pipe

Triple Stumper
    $1000 21
a mason

Chelsea
    $1000 27
[The end-of-round signal sounds.]

shoals

Triple Stumper
    $1000 11
the (Detroit) Lions

Jonathan

Scores at the first commercial break (after clue 15):

Jonathan Robert Chelsea
$4,800 $1,200 $800

Scores at the end of the Jeopardy! Round:

Jonathan Robert Chelsea
$8,800 $4,200 $1,800

Double Jeopardy! Round responses

GOLDEN GLOBE AWARDS
(Alex: You can watch them this Sunday.)
THE NORMAN INVASION
CAUTIONARY MALE
QUOTABLE POTABLES
BOOK OF THE YEAR
GOTTA RUN!
    $400 7
Alan Alda

Robert
    $400 28
[The end-of-round signal sounds.]

varmints

Jonathan
    $400 1
water

Jonathan
    $400 27
patience

Chelsea
    $800 6
The Crown

Chelsea
    $800 8
Norman Rockwell

Robert
    $800 25
a cheapskate

Jonathan
    $800 2
(Jonathan: What is coffee?)
(Robert: What is wine?)

tea

JonathanRobert
Triple Stumper
    $2,500 24
(Alex: Less than a minute now.)

1913

Robert
    $800 26
a run-on

Chelsea
    $1200 3
Jack Lemmon

Jonathan
    $1200 9
Norman Mailer

Chelsea
    $1200 22
a bully

Jonathan
    $1200 12
(Jonathan: What is Psalms?)

Song of Solomon

JonathanRobert
    $1200 13
1776

Robert
    $1200 16
"Born To Be Wild"

Jonathan
    $1600 4
One Flew Over the Cuckoo's Nest

Jonathan
    $1600 10
a heart transplant

Chelsea
    $1600 21
a scalawag

Robert
    $1600 17
coffee

Chelsea
    $1600 14
1066

Chelsea
    $1600 18
a tab

Jonathan
    $2000 5
Sir Laurence Olivier

Triple Stumper
    $2000 11
(Chelsea: Who is Price?)

Jessye Norman

Chelsea
Triple Stumper
    $3,000 20
libertine

Chelsea
    $2000 19
Chekhov

Chelsea
    $2000 15
(Chelsea: What is Jerusalem?)

Constantinople

RobertChelsea
    $2000 23
run the table

Robert

Scores at the end of the Double Jeopardy! Round:

Jonathan Robert Chelsea
$15,200 $15,100 $10,800

[wagering suggestions for these scores]

Final Jeopardy! Round responses

TRANSPORTATION
(Alex: [To Jonathan] Boyd was president of Panama at the time. Roosevelt, of course, the reference to Teddy.)
ChelseaWhat is the Adriatic Sea
$0
RobertWhat is the Mystic River
$7,100
JonathanWhat is the Panama Canal?
$15,199
the Panama Canal

Final scores:

Jonathan Robert Chelsea
$30,399 $8,000 $10,800
4-day champion: $93,301 3rd place: $1,000 2nd place: $2,000

Game dynamics:

Coryat scores:

Jonathan Robert Chelsea
$13,000 $13,400 $9,800
20 R
(including 1 DD),
3 W
16 R
(including 1 DD),
1 W
12 R
(including 1 DD),
2 W

Combined Coryat: $36,200

[game clues] [game scores] [suggest correction]

Game tape date: 2018-11-13
The J! Archive is created by fans, for fans. Scraping, republication, monetization, and malicious use prohibited; this site may use cookies and collect identifying information. See terms. The Jeopardy! game show and all elements thereof, including but not limited to copyright and trademark thereto, are the property of Jeopardy Productions, Inc. and are protected under law. This website is not affiliated with, sponsored by, or operated by Jeopardy Productions, Inc. Join the discussion at JBoard.tv.